| 000 | 01003pam a2200313 i 4500 | ||
|---|---|---|---|
| 999 |
_c9993 _d9993 |
||
| 001 | 9993 | ||
| 003 | BD-JhCC | ||
| 005 | 20180404102453.0 | ||
| 008 | 180404s1977 nyua 001 0 eng | ||
| 020 | _a0070382417 | ||
| 035 | _a(BD-JhCC)9993 | ||
| 040 |
_aDLC _cDLC _dDLC _dBD-JhCC |
||
| 041 | _aeng | ||
| 050 | 0 | 0 |
_aZ49 _b.L737 1977 |
| 082 | 0 | 0 |
_a652.3/024 _bLIO 1977 |
| 100 | 1 | _aLloyd, Alan C. | |
| 245 | 1 | 0 |
_aTyping 1 : _bgeneral course / _cAlan C. Lloyd, Fred E. Winger, John L. Rowe. |
| 250 | _aGregg typing, series six. | ||
| 260 |
_aNew York : _bGregg Division, McGraw-Hill, _cc1977. |
||
| 300 |
_av, 281 p. : _bill. ; _c22 x 29 cm. |
||
| 500 | _aFifth ed. published in 1972 under title: Typing 300, with Rowe's name appearing first on t.p. | ||
| 500 | _aIncludes index. | ||
| 650 | 0 | _aTypewriting. | |
| 700 | 1 | _aWinger, Fred E., | |
| 700 | 1 |
_aRowe, John L., _d1914- |
|
| 700 | 1 |
_aRowe, John L., _d1914- _tTyping 300. |
|
| 942 |
_2ddc _cBK |
||